000 00731nam a2200121Ia 4500
008 220615s9999||||xx |||||||||||||| ||und||
100 _aSuwada, Katarzyna
245 0 _aParenting and Work in Poland
_bA Gender Studies Perspective
546 _aEnglish[eng]
650 _aSociology of Family, Youth and Aging||Gender Studies||Sociology of Work||Social Theory||Family policy||Gender roles||Parenthood in Polish society||Family life in Poland||Gender inequalities||Domestic work||Paid work||Social Policies||open access||Sociology: family & relationships||Gender studies, gender groups||Sociology: work & labour
856 _uhttps://library.oapen.org/bitstream/20.500.12657/46109/1/2021_Book_ParentingAndWorkInPoland.pdf
942 _cEB
999 _c15105
_d15105